| 000 | 01017nam a2200301 i 4500 | ||
|---|---|---|---|
| 999 |
_c200443694 _d61906 |
||
| 003 | TR-AnTOB | ||
| 005 | 20220802094025.0 | ||
| 007 | ta | ||
| 008 | 210921s1969 tu 00| 0 tur d | ||
| 040 |
_aTR-AnTOB _beng _erda _cTR-AnTOB |
||
| 041 | 0 | _atur | |
| 050 | 1 | 4 |
_aHM131 _b.K39 1969 |
| 090 |
_aHM131 _b.K39 1969 |
||
| 100 | 1 |
_aKayalar, Mesut _eauthor _9132692 |
|
| 245 | 1 | 0 |
_aO & M organizasyon ve metod : _b(genel olarak ve Fransız kamu idarelerinde) / _cMesut Kayalar. |
| 264 | 1 |
_aAnkara : _bMaliye Bakanlığı Tetkik Kurulu Neşriyatı, _c1969. |
|
| 300 |
_a125 pages ; _c24 cm |
||
| 336 |
_2rdacontent _atext _btxt |
||
| 337 |
_2rdamedia _aunmediated _bn |
||
| 338 |
_2rdacarrier _avolume _bnc |
||
| 490 | 0 |
_aMaliye Bakanlığı Tetkik Kurulu Neşriyatı ; _vno. 144 - 1969 |
|
| 650 | 7 |
_aOrganizasyon _2etuturkob _978748 |
|
| 650 | 7 |
_aKamu yönetimi _2etuturkob _98396 |
|
| 650 | 7 |
_aKamu yönetimi _zFransa _2etuturkob _98396 |
|
| 942 |
_2lcc _cBK |
||